En Yakın Altı Ülke - Almanya - Statistics

General Stats
  • This quiz has been taken 303 times
  • The average score is 3 of 6
Answer Stats
km ülke % Correct
0 Hollanda
65%
0 Polonya
64%
0 Belçika
61%
0 İsviçre
47%
0 Lüksemburg
42%
0 Çekya
38%
No matching quizzes found
Score Distribution
Percent of People with Each Score
Percentile by Number Answered
Your Score History
You have not taken this quiz